Ausfuehrliches Lehrbuch der Arithmetik und Algebra (Record no. 6007)

MARC details
000 -CABECERA
campo de control de longitud fija 00631nam a2200229 a 4500
001 - NÚMERO DE CONTROL
campo de control BRCA_6321
005 - FECHA Y HORA DE LA ÚLTIMA TRANSACCIÓN
campo de control 20190320205418.0
008 - DATOS DE LONGITUD FIJA--INFORMACIÓN GENERAL
campo de control de longitud fija 080811s1906----gw-#######---#000-0#ger-#
041 ## - CÓDIGO DE LENGUA
Código de lengua del texto/banda sonora o título independiente ger
044 ## - CÓDIGO DEL PAÍS DE LA ENTIDAD EDITORA/PRODUCTORA
Código MARC del país gw
050 #4 - SIGNATURA TOPOGRÁFICA DE LA BIBLIOTECA DEL CONGRESO
Número de clasificación QA101
Número de documento/Ítem .L84 1906
100 1# - ENTRADA PRINCIPAL--NOMBRE DE PERSONA
Nombre de persona Lübsen, H. B.
Fechas asociadas al nombre 1801-1864.
Forma completa/desarrollada del nombre (Heinrich Borchert)
9 (RLIN) 15857
245 10 - MENCIÓN DE TÍTULO
Título Ausfuehrliches Lehrbuch der Arithmetik und Algebra
Mención de responsabilidad, etc. H. B. Lübsen.
250 ## - MENCIÓN DE EDICIÓN
Mención de edición 26
260 ## - PUBLICACIÓN, DISTRIBUCIÓN, ETC.
Lugar de publicación, distribución, etc. Leipzig, Alemania
Nombre del editor, distribuidor, etc. Friedrich Brandstetter
Fecha de publicación, distribución, etc. 1906
300 ## - DESCRIPCIÓN FÍSICA
Extensión iv, 261 p.
Dimensiones 21 cm.
500 ## - NOTA GENERAL
Nota general K182
650 14 - PUNTO DE ACCESO ADICIONAL DE MATERIA--TÉRMINO DE MATERIA
Término de materia o nombre geográfico como elemento de entrada Aritmética
9 (RLIN) 15858
650 14 - PUNTO DE ACCESO ADICIONAL DE MATERIA--TÉRMINO DE MATERIA
Término de materia o nombre geográfico como elemento de entrada Algebra
9 (RLIN) 15859
902 ## - CATALOGADOR
Iniciales GFM
942 ## - ELEMENTOS DE PUNTO DE ACCESO ADICIONAL (KOHA)
Fuente del sistema de clasificación o colocación Library of Congress Classification
Tipo de ítem Koha Libros
Holdings
Estado de retiro Estado de pérdida Estado dañado No para préstamo Localización permanente Ubicación/localización actual Fecha de adquisición Número de inventario Total de préstamos Signatura topográfica completa Código de barras Fecha visto por última vez Precio válido a partir de Tipo de ítem Koha
El ejemplar forma parte de la colección y puede ser consultado según las políticas vigentes.       Biblioteca del Museo Franz Mayer (Rogerio Casas-Alatriste) Biblioteca del Museo Franz Mayer (Rogerio Casas-Alatriste) 08/08/2011 K182   QA101 .L84 1906 (K182) 6760 22/03/2019 22/03/2019 Libros